000 01256nam a2200361 i 4500
001 8077
003 KOSZ 005
005 20221024113400.0
008 071120s1968 pl a f 000 0 pol
015 _aPB 1968/9909
040 _aWA N
_cWA N
_dKOSZ 005/RW
_dKOSZ 005/HR
046 _k1968
080 _a669.2/.8
080 _a658.56
100 1 _aKubiak, Michał
_c(nauki chemiczne)
_eAutor
245 1 0 _aMetale nieżelazne :
_bporadnik zaopatrzeniowca branżysty /
_cMichał Kubiak, Jerzy Perliński.
250 _aWyd. 2 popr. i rozsz.
260 _aWarszawa :
_bPaństwowe Wydawnictwo Ekonomiczne,
_c1968.
300 _a350, [2] s., [1] k. tabl. :
_bil. ;
_c23 cm.
336 _2rdacontent
_aTekst
_btxt
337 _2rdamedia
_aBez urządzenia pośredniczącego
_bn
338 _2rdacarrier
_aWolumin
_bnc
380 _aKsiążki
388 _a1901-2000
388 _a1945-1989
650 4 _aMetale nieżelazne
650 4 _aZaopatrzenie
658 _aInżynieria i technika
700 1 _aPerliński, Jerzy
_eAutor
710 2 _aPaństwowe Wydawnictwo Ekonomiczne
_4pbl.
856 _uhttp://koha.tu.koszalin.pl/cgi-bin/koha/opac-detail.pl?biblionumber=8077
_yKatalog online BPK
942 _2UKD
_cKS
999 _c8077
_d8077